000 00206 a2200097 4500
001 4855
100 _aMartin,C.
245 _aThieteen steps to the atoms the
260 _a
_bHarper
_c
090 _c4046
_d4046
942 _aNUST-CAE
_cM
_c30319
999 _c239928
_d239928